000 00287nam a22001337a 4500
008 170622b xxu||||| |||| 00| 0 eng d
020 _a9780801432248
041 _aeng
080 _a32
100 _a20
101 _aSHP
245 _aSEX AND CONQUEST
_cTREXLER, R.C
942 _2udc
_cBK
999 _c18610
_d18610